| 000 | 01037cam a2200229 4500 | ||
|---|---|---|---|
| 001 | WB@3612-191 | ||
| 008 | 040923n2004 000 0 eng u | ||
| 035 | _a(Sirsi) u127499 | ||
| 245 | _aProperty best asset | ||
| 260 | _c2004 | ||
| 490 |
_aEstates Gazette _v(0438) 18 September 2004, 60 (1) |
||
| 520 | _aAccording to the latest "CBRE monthly index" property was the best performing asset class on an annual basis for a second consecutive month in August 2004, with a total return of 17.9%. The total return for the month period of August was 1.3%, with rental growth at 0.1%. With central London offices rental growth marginally negative in August, contributing to flat all-office rental growth over the month, the office market continues to be driven by capital growth. | ||
| 590 | _aWB | ||
| 590 | _aWB | ||
| 650 | _aCBRE MONTHLY INDEX | ||
| 650 | _aCAPITAL VALUES | ||
| 650 | _aCAPITAL GROWTH | ||
| 650 | _aPROPERTY PERFORMANCE | ||
| 650 | _aRETAIL PROPERTY | ||
| 690 | _aCOMMERICAL PROPERTY-MARKET | ||
| 942 | _n0 | ||
| 999 |
_c118039 _d118039 |
||